000 00426nam a2200181Ia 4500
001 11600
005 20260306162840.0
008 260306t2014||||xx |||||||||||||| ||spa||
041 _aESP
082 _a985.4
_bP43A
100 _aEguiluz Mendez, Percy
_eAUT
245 0 _aCocachacra en la pluma de don Eduardo CerdeƱa
260 _c2014
300 _a
_c
650 _aGEN
654 _aCHU
942 _cLIB
_dJUS
_fJUS
_2ddc
_n
999 _c11600
_d11600